|
|
|
|
| LEADER |
02084nam a22003494a 4500 |
| 001 |
35830 |
| 003 |
BD-DhAAL |
| 005 |
20211130120849.0 |
| 008 |
190929t2005 cau b 001 0 eng d |
| 999 |
|
|
|c 41457
|d 41457
|
| 010 |
|
|
|a 2004003261
|
| 020 |
|
|
|a 0761928766 (pbk.)
|
| 020 |
|
|
|a 9780761928768
|
| 020 |
|
|
|a 0761928758 (cloth)
|
| 040 |
|
|
|a DLC
|c DLC
|d DLC
|d BD-DhAAL
|
| 042 |
|
|
|a pcc
|
| 043 |
|
|
|a n-us---
|
| 050 |
0 |
0 |
|a LB1715
|b .T428 2005
|
| 082 |
0 |
0 |
|a 370.711
|2 22
|
| 245 |
0 |
0 |
|a Teaching as principled practice :
|b managing complexity for social justice /
|c Linda R. Kroll ... [et al.].
|
| 260 |
|
|
|a Thousand Oaks, CA :
|b Sage Publications,
|c c2005.
|
| 300 |
|
|
|a xxii, 152 pages ;
|c 24 cm.
|
| 504 |
|
|
|a Includes bibliographical references and index.
|
| 505 |
0 |
|
|a Teaching and learning to teach as principled practice / Linda R. Kroll and Tomás Galguera -- Learning to negotiate the moral terrain of teaching / Anna Ershler Richert -- Preparing and supporting the reflective practitioner / David M. Donahue -- Constructivism in teacher education : rethinking how we teach teachers / Linda R. Kroll -- Preparing to teach content : "not just a series of fun activities" / Vicki Kubler LaBoskey -- Teaching to collaborate, collaborating to teach / Ruth Cossey and Philip Tucher -- Learning to see the invisible : power, authority, and language in the classroom / Tomás Galguera -- Principled practice in a world of standards : some concluding thoughts / Vicki Kubler LaBoskey, Anna Ershler Richert, Linda R. Kroll.
|
| 650 |
|
0 |
|a Teachers
|x Training of
|z United States.
|9 35550
|
| 650 |
|
0 |
|a Educational sociology
|z United States.
|9 35551
|
| 650 |
|
0 |
|a Social justice
|x Study and teaching
|z United States.
|9 35552
|
| 650 |
|
0 |
|a Education.
|9 35553
|
| 700 |
1 |
|
|a Kroll, Linda Ruth.
|9 35554
|
| 852 |
|
|
|a Ayesha Abed Library
|c BIED Collection
|
| 942 |
|
|
|2 ddc
|c BK
|
| 952 |
|
|
|0 0
|1 0
|2 ddc
|4 0
|6 370_711000000000000_TEA
|7 0
|9 66564
|a BRACUL
|b BRACUL
|c GEN
|d 2019-09-29
|e Complimentary copy from BIED
|l 0
|o 370.711 TEA
|p 3010035830
|r 2019-09-29
|t 1
|w 2019-09-29
|y BK
|x Transferred from BIED to General Stacks
|